| 000 | 00508nam a22001697a 4500 | ||
|---|---|---|---|
| 999 |
_c8761 _d8761 |
||
| 008 | 201214b ||||| |||| 00| 0 eng d | ||
| 040 | _aBMS College of Architecture | ||
| 100 | _aNida, Syeda | ||
| 245 | _aIslamic residential school | ||
| 300 | _a53p. | ||
| 500 | _a1BM11AT076 | ||
| 502 |
_8B,Arch _NBMS College of Architecture, Visvesvaraya Technological University (VTU) _aProject report _d2015 |
||
| 650 | _aSchool | ||
| 700 |
_aYogeshwari K _eGuide |
||
| 700 |
_aSoumya Koka _eGuide |
||
| 942 |
_2ddc _cTHE |
||